Harry Potter-Vornamen Quiz - Statistiken

Allgemein
  • Dieses Quiz wurde 250 mal gespielt
  • Das Durchschnittsergebnis liegt bei 7 aus 12
Antwortstatistiken
Nachname Vorname % Korrekt
Hagrid Rubeus
91%
Umbridge Dolores
87%
Slytherin Salazar
87%
Thomas Dean
71%
Finnigan Seamus
68%
Filch Argus
66%
Brown Lavender
61%
Greyback Fenrir
57%
Grindelwald Gellert
52%
Scrimgeour Rufus
45%
Figg Arabella
32%
Quirrell Quirinus
30%
Keine übereinstimmenden Quizze gefunden
Verteilung der Resultate
Anzahl Personen mit jedem Resultat
Perzentil nach korrekt beantworteten Fragen
Ihre Resultats-Entwicklung
Sie haben dieses Quiz noch nicht gespielt